000 00499nam a22001937a 4500
999 _c4260
_d4260
003 OSt
005 20181204112824.0
008 181204b ||||| |||| 00| 0 eng d
020 _a0892742690
040 _cDLC
082 _a248.5
_bH417Y
100 _aHayes, Norvel
245 _aYou Can Be A Soul Winner /
_cBy Hayes Norvel.
260 _aOklahoma, USA :
_bHarrison House,
_cc1983.
300 _a149 p.:
630 _aHayes, Norvel
650 _aSoul Winner
_xFaith On Witness
942 _2ddc
_cBK